000 00872cab a2200253 4500
001 ABS55039
008 090401t1996 xxu||||| |||| 00| 0 eng d
035 _a(Sirsi) u13745
041 _aeng
245 _aHungary: Budapest
260 _c1996
350 _a0
490 _aEuroProperty
_v4(10) May 1996, 17-23(7)
520 _aAn examination of the Hungarian capital`s property market, including the state of the economy generally, industrial development, shopping centres and over-supply in the office market.
650 _aBUDAPEST
650 _aHUNGARY
650 _aINDUSTRIAL DEVELOPMENT
650 _aPROPERTY-COMMERCIAL PROPERTY-OFFICE PROPERTY-OFFICE PROPERTY MARKET
650 _aPROPERTY-COMMERCIAL PROPERTY-RETAIL PROPERTY-RETAIL PROPERTY MARKET
650 _aSHOPPING CENTRES
690 _aOVERSEAS-EUROPE
942 _n0
948 _c04/03/1997
999 _c8852
_d8852